[Event "Guernsey Open 48th"]
[Site "Guernsey"]
[Date "2024.10.18"]
[Round "6"]
[White "Rowe, Oliver"]
[Black "Matthews, Gabriel"]
[Result "0-1"]
[WhiteElo "1721"]
[BlackElo "1910"]
[PlyCount "80"]
[EventDate "2024.10.13"]
[EventType "swiss"]
[EventRounds "7"]
[EventCountry "GCI"]
[SourceTitle "BritBase"]
[Source "John Saunders"]
[SourceDate "2024.12.27"]
[SourceVersion "1"]
[SourceVersionDate "2024.12.27"]
[SourceQuality "1"]

1. d4 Nf6 2. Bf4 e6 3. e3 c5 4. c3 b6 5. Nf3 Be7 6. Be2 Nh5 7. Bg3 Bb7 8. Nbd2 Nxg3 9. hxg3 d6 10. Bb5+ Nd7 11. Qa4 a6 12. Bxd7+ Qxd7 13. Qxd7+ Kxd7 14. Nc4 Kc7 15. dxc5 bxc5 16. O-O-O h6 17. Rd2 Bd5 18. Na5 Kb6 19. Nb3 a5 20. Kd1 a4 21. Nc1 Rhb8 22. Re1 Kc7 23. e4 Bc6 24. a3 Ra6 25. c4 Rab6 26. Nd3 Rb3 27. Ree2 Bb7 28. Nc1 Rb6 29. Rc2 Ba6 30. Nd3 Bf8 31. e5 d5 32. Nd2 Rd8 33. Nb4 cxb4 34. cxd5+ Kb7 35. Nc4 Rxd5+ 36. Red2 Bxc4 37. Rxc4 Rxd2+ 38. Kxd2 Rc6 39. Rd4 Bc5 40. Rd7+ Rc7 0-1

[Event "Guernsey Open 48th"]
[Site "Guernsey"]
[Date "2024.10.19"]
[Round "7"]
[White "Smith, Olivia"]
[Black "Strade, Arita"]
[Result "0-1"]
[WhiteElo "2106"]
[BlackElo "1949"]
[PlyCount "152"]
[EventDate "2024.10.13"]
[EventType "swiss"]
[EventRounds "7"]
[EventCountry "GCI"]
[SourceTitle "BritBase"]
[Source "John Saunders"]
[SourceDate "2024.12.27"]
[SourceVersion "1"]
[SourceVersionDate "2024.12.27"]
[SourceQuality "1"]

1. e4 c5 2. Nc3 e6 3. Nge2 g6 4. d4 cxd4 5. Qxd4 f6 6. Be3 Nh6 7. f3 Nf7 8. h4 Nc6 9. Qd2 Nce5 10. Nd4 Bd6 11. Ndb5 Bb8 12. a4 a6 13. Na3 Bc7 14. Be2 Nc6 15. f4 d6 16. g4 Ne7 17. h5 Bb6 18. hxg6 Nxg6 19. Bxb6 Qxb6 20. Nc4 Qc5 21. a5 Bd7 22. Rh5 Qg1+ 23. Bf1 Qxg4 24. Rh2 Qxf4 25. O-O-O Rd8 26. Qxf4 Nxf4 27. Rf2 e5 28. Nxd6+ Nxd6 29. Rxd6 Ke7 30. Rb6 Bc8 31. Bc4 Rd6 32. Rb4 h5 33. Nd5+ Nxd5 34. Bxd5 Rxd5 35. exd5 h4 36. d6+ Ke6 37. d7 Kxd7 38. Rxf6 h3 39. Rf1 Ke6 40. Rh1 Kf5 41. Rh2 e4 42. Kd2 Kf4 43. Rb3 Rd8+ 44. Ke1 e3 45. Re2 Re8 46. Kf1 Re7 47. Rb6 Be6 48. Rb4+ Kf3 49. Rh4 Bg4 50. Rh8 Kg3 51. Rg8 Kf4 52. Rf8+ Bf5 53. Rh2 Kg3 54. Re2 Bg4 55. Ra8 Re5 56. Ra7 Kf4 57. Rxb7 Bxe2+ 58. Kxe2 h2 59. Rh7 Rd5 60. Rh4+ Kg3 61. Rh8 Rd4 62. Rxh2 Kxh2 63. Kxe3 Ra4 64. Kd3 Rxa5 65. c4 Kg3 66. Kd4 Kf4 67. b4 Ra4 68. Kc5 Ke5 69. b5 axb5 70. cxb5 Ke6 71. Kc6 Rc4+ 72. Kb7 Kd7 73. Ka7 Kc8 74. Kb6 Kb8 75. Ka6 Rh4 76. b6 Rh6 0-1

[Event "Guernsey Open 48th"]
[Site "Guernsey"]
[Date "2024.10.19"]
[Round "7"]
[White "Kirby, Peter J"]
[Black "Johnsen, Gunnar"]
[Result "1/2-1/2"]
[WhiteElo "1998"]
[BlackElo "2071"]
[PlyCount "45"]
[EventDate "2024.10.13"]
[EventType "swiss"]
[EventRounds "7"]
[EventCountry "GCI"]
[SourceTitle "BritBase"]
[Source "John Saunders"]
[SourceDate "2024.12.27"]
[SourceVersion "1"]
[SourceVersionDate "2024.12.27"]
[SourceQuality "1"]

1. c4 f5 2. Nc3 Nf6 3. g3 d6 4. Bg2 g6 5. d3 Bg7 6. e4 O-O 7. Nge2 Nc6 8. O-O e5 9. exf5 Bxf5 10. Nd5 Qd7 11. Bg5 Rae8 12. Nec3 Nd4 13. Be3 c6 14. Nxf6+ Bxf6 15. Qd2 Bg7 16. Rae1 Bg4 17. Bxd4 exd4 18. Ne4 Bf5 19. f4 Re7 20. Qb4 Rfe8 21. Rc1 Bxe4 22. dxe4 Qc7 23. c5 1/2-1/2

[Event "Guernsey Open 48th"]
[Site "Guernsey"]
[Date "2024.10.19"]
[Round "7"]
[White "Giulian, Philip M"]
[Black "Toma, Katarzyna"]
[Result "0-1"]
[WhiteElo "2059"]
[BlackElo "2165"]
[PlyCount "90"]
[EventDate "2024.10.13"]
[EventType "swiss"]
[EventRounds "7"]
[EventCountry "GCI"]
[SourceTitle "BritBase"]
[Source "John Saunders"]
[SourceDate "2024.12.27"]
[SourceVersion "1"]
[SourceVersionDate "2024.12.27"]
[SourceQuality "1"]

1. c4 e5 2. Nf3 Nc6 3. d4 exd4 4. Nxd4 Bc5 5. Nb3 Bb4+ 6. Bd2 a5 7. a3 Bxd2+ 8. N3xd2 Nf6 9. Nc3 O-O 10. e3 d5 11. Nf3 Be6 12. cxd5 Nxd5 13. Nxd5 Bxd5 14. Be2 a4 15. O-O Na5 16. Qc2 Qe7 17. Qc3 c6 18. Rad1 Rfd8 19. Nd4 Nb3 20. Bc4 Bxc4 21. Qxc4 Qe4 22. Qc3 Qd5 23. Qc2 h6 24. h3 c5 25. Nf3 Qe6 26. Rxd8+ Rxd8 27. Rd1 Rd5 28. Rxd5 Qxd5 29. e4 Qd7 30. Ne5 Qe6 31. f4 b5 32. Kh1 Qd6 33. Qd3 Qxd3 34. Nxd3 Kf8 35. Kg1 Ke7 36. Kf2 Kd6 37. Ke3 Na5 38. g4 Nc4+ 39. Ke2 b4 40. axb4 cxb4 41. Nxb4 Nxb2 42. Ke3 Kc5 43. Nc2 Kc4 44. h4 Kc3 45. Na3 Nc4+ 0-1

[Event "Guernsey Open 48th"]
[Site "Guernsey"]
[Date "2024.10.19"]
[Round "7"]
[White "Arkell, Keith C"]
[Black "Thurlow, Kevin J"]
[Result "1-0"]
[WhiteElo "2373"]
[BlackElo "2002"]
[PlyCount "47"]
[EventDate "2024.10.13"]
[EventType "swiss"]
[EventRounds "7"]
[EventCountry "GCI"]
[SourceTitle "BritBase"]
[Source "John Saunders"]
[SourceDate "2024.12.27"]
[SourceVersion "1"]
[SourceVersionDate "2024.12.27"]
[SourceQuality "1"]

1. d4 Nf6 2. Nf3 e6 3. c4 d5 4. cxd5 exd5 5. Nc3 c6 6. Qc2 g6 7. Bg5 Be7 8. Bxf6 Bxf6 9. e3 Bf5 10. Bd3 Bxd3 11. Qxd3 Bg7 12. b4 Nd7 13. O-O O-O 14. b5 Re8 15. bxc6 bxc6 16. Rac1 Re6 17. Ne2 Qb6 18. Rc2 Rc8 19. Rfc1 Rd6 20. Qa3 Bf8 21. Nf4 c5 22. dxc5 Rxc5 23. Rxc5 Nxc5 24. Qxc5 1-0

[Event "Guernsey Open 48th"]
[Site "Guernsey"]
[Date "2024.10.19"]
[Round "7"]
[White "Dilleigh, Stephen P"]
[Black "Wager, John D"]
[Result "1-0"]
[WhiteElo "2029"]
[BlackElo "1980"]
[PlyCount "163"]
[EventDate "2024.10.13"]
[EventType "swiss"]
[EventRounds "7"]
[EventCountry "GCI"]
[SourceTitle "BritBase"]
[Source "John Saunders"]
[SourceDate "2024.12.27"]
[SourceVersion "1"]
[SourceVersionDate "2024.12.27"]
[SourceQuality "1"]

1. Nf3 Nf6 2. c4 c5 3. Nc3 Nc6 4. g3 g6 5. d4 cxd4 6. Nxd4 Bg7 7. Bg2 O-O 8. O-O Nxd4 9. Qxd4 d6 10. Qd3 Rb8 11. Bd2 b6 12. Rac1 Bb7 13. e4 Qd7 14. b3 Rfd8 15. Rfd1 Qe8 16. Qe2 Ba8 17. Re1 Qd7 18. Rcd1 Qc6 19. Nd5 Qd7 20. Bg5 Bxd5 21. exd5 Re8 22. Qd2 Qc7 23. Rc1 Qd7 24. h3 Qc7 25. Kh2 Qd7 26. Bf3 Qc7 27. Kg2 Qd7 28. Be3 Qc7 29. Bd4 Nd7 30. Bxg7 Kxg7 31. Qd4+ Kg8 32. Rc3 Qc5 33. Qh4 Nf6 34. Rce3 Qc7 35. g4 Qd8 36. g5 Nd7 37. Re4 b5 38. Qf4 bxc4 39. bxc4 Ne5 40. Qe3 Qb6 41. c5 Qa5 42. Bd1 Qxa2 43. Qd4 Rb2 44. cxd6 exd6 45. R1e2 Rxe2 46. Rxe2 Qa3 47. Re3 Qa2 48. Bb3 Qb1 49. f4 Rb8 50. fxe5 Rxb3 51. Rxb3 Qc2+ 52. Kg1 Qxb3 53. exd6 Qg3+ 54. Kf1 Qxh3+ 55. Ke2 Qh2+ 56. Kd3 Qxd6 57. Kc4 Qa6+ 58. Kb4 Qd6+ 59. Kc4 a5 60. Qc5 Qf4+ 61. Kb5 Qb8+ 62. Kxa5 Qd8+ 63. Kb5 Qb8+ 64. Qb6 Qe8+ 65. Qc6 Qe2+ 66. Kb6 Qe3+ 67. Kb7 Qe7+ 68. Kc8 Qf8+ 69. Kd7 h5 70. gxh6 Qxh6 71. d6 g5 72. Qc8+ Kg7 73. Qc3+ f6 74. Qe3 g4 75. Qe7+ Kg6 76. Qe4+ Kg5 77. Qe3+ Kh5 78. Qxh6+ Kxh6 79. Ke7 g3 80. d7 g2 81. d8=Q g1=Q 82. Qh8+ 1-0

[Event "Guernsey Open 48th"]
[Site "Guernsey"]
[Date "2024.10.19"]
[Round "7"]
[White "Waddington, Mike P"]
[Black "Hamperl, Fred A"]
[Result "1/2-1/2"]
[WhiteElo "1988"]
[BlackElo "1970"]
[PlyCount "67"]
[EventDate "2024.10.13"]
[EventType "swiss"]
[EventRounds "7"]
[EventCountry "GCI"]
[SourceTitle "BritBase"]
[Source "John Saunders"]
[SourceDate "2024.12.27"]
[SourceVersion "1"]
[SourceVersionDate "2024.12.27"]
[SourceQuality "1"]

1. Nc3 d5 2. e4 d4 3. Nce2 e5 4. Ng3 Be6 5. c3 c5 6. Bb5+ Nd7 7. Nf3 f6 8. O-O a6 9. Be2 g6 10. d3 h5 11. Ne1 h4 12. Nh1 Bh6 13. f4 exf4 14. Bxf4 Bxf4 15. Rxf4 Qc7 16. Rf1 Qb6 17. cxd4 cxd4 18. Bg4 O-O-O 19. Bxe6 Qxe6 20. Nf3 Ne5 21. Nf2 Ng4 22. Nxd4 Rxd4 23. Qxg4 Qxg4 24. Nxg4 Rxd3 25. Rac1+ Kd8 26. Nxf6 Nxf6 27. Rxf6 Rd2 28. Rxg6 Rxb2 29. Rd6+ Ke7 30. e5 Rd8 31. Rc7+ Ke8 32. Re6+ Kf8 33. Rf6+ Ke8 34. Re6+ 1/2-1/2

[Event "Guernsey Open 48th"]
[Site "Guernsey"]
[Date "2024.10.19"]
[Round "7"]
[White "Marceil, Jean"]
[Black "Krueger, Norbert"]
[Result "0-1"]
[WhiteElo "1862"]
[BlackElo "2032"]
[PlyCount "106"]
[EventDate "2024.10.13"]
[EventType "swiss"]
[EventRounds "7"]
[EventCountry "GCI"]
[SourceTitle "BritBase"]
[Source "John Saunders"]
[SourceDate "2024.12.27"]
[SourceVersion "1"]
[SourceVersionDate "2024.12.27"]
[SourceQuality "1"]

1. d4 d5 2. Nc3 Bf5 3. f3 e6 4. e4 Bg6 5. exd5 exd5 6. Bf4 c6 7. Qe2+ Qe7 8. O-O-O Qxe2 9. Ngxe2 Nd7 10. Bc7 Nb6 11. Nf4 Kd7 12. Bxb6 axb6 13. h4 Bd6 14. Nxg6 hxg6 15. Kb1 Bg3 16. Ne2 Bd6 17. g3 Nf6 18. Bh3+ Kc7 19. c3 Rae8 20. Rde1 Re3 21. Kc2 Rhe8 22. Kd1 Rxf3 23. Rhf1 Rfe3 24. Kd2 R8e4 25. Bg2 Re7 26. Bf3 R3e6 27. Nf4 Rxe1 28. Rxe1 Rxe1 29. Kxe1 Ne4 30. Bxe4 dxe4 31. Ne2 Kd7 32. Kf2 Ke6 33. g4 f5 34. Ke3 b5 35. b3 Bc7 36. c4 bxc4 37. bxc4 Bd6 38. a4 Bb4 39. Nf4+ Kf7 40. h5 g5 41. Ng6 Kf6 42. Ne5 Bd6 43. Ng6 Ba3 44. gxf5 Kxf5 45. c5 Bc1+ 46. Kf2 e3+ 47. Ke2 Ke4 48. Ne7 g4 49. Nxc6 g3 50. Ne5 Kxd4 51. a5 Kxe5 52. c6 Kd6 53. cxb7 Kc7 0-1

[Event "Guernsey Open 48th"]
[Site "Guernsey"]
[Date "2024.10.19"]
[Round "7"]
[White "Giulian, Rosemary A"]
[Black "Dijksterhuis, Rolf"]
[Result "0-1"]
[WhiteElo "1894"]
[BlackElo "1937"]
[PlyCount "28"]
[EventDate "2024.10.13"]
[EventType "swiss"]
[EventRounds "7"]
[EventCountry "GCI"]
[SourceTitle "BritBase"]
[Source "John Saunders"]
[SourceDate "2024.12.27"]
[SourceVersion "1"]
[SourceVersionDate "2024.12.27"]
[SourceQuality "1"]

1. e4 c5 2. c3 d5 3. exd5 Qxd5 4. d4 Nf6 5. Nf3 Bg4 6. dxc5 Qxd1+ 7. Kxd1 e5 8. b4 e4 9. h3 exf3 10. hxg4 Nxg4 11. Kc2 fxg2 12. Rg1 gxf1=Q 13. Rxf1 Be7 14. Re1 Kf8 0-1

[Event "Guernsey Open 48th"]
[Site "Guernsey"]
[Date "2024.10.19"]
[Round "7"]
[White "De Kruif, Kees"]
[Black "Canonne, Antoine"]
[Result "1/2-1/2"]
[WhiteElo "1868"]
[BlackElo "1910"]
[PlyCount "46"]
[EventDate "2024.10.13"]
[EventType "swiss"]
[EventRounds "7"]
[EventCountry "GCI"]
[SourceTitle "BritBase"]
[Source "John Saunders"]
[SourceDate "2024.12.27"]
[SourceVersion "1"]
[SourceVersionDate "2024.12.27"]
[SourceQuality "1"]

1. b4 e5 2. Bb2 Bxb4 3. Bxe5 Nf6 4. Nf3 Nc6 5. Bb2 d5 6. e3 O-O 7. Be2 h6 8. O-O Be6 9. d3 Be7 10. Nbd2 Qd7 11. c4 Rfd8 12. Qc2 Nb4 13. Qb3 c5 14. Rfd1 Qc8 15. a3 Nc6 16. Rab1 b6 17. cxd5 Nxd5 18. Qc2 Bf8 19. Rbc1 Qb7 20. Ne5 Nxe5 21. Bxe5 Rac8 22. Qb2 f6 23. Bg3 Qf7 1/2-1/2

[Event "Guernsey Open 48th"]
[Site "Guernsey"]
[Date "2024.10.19"]
[Round "7"]
[White "Matthews, Gabriel"]
[Black "Agustsson, Hafsteinn"]
[Result "1-0"]
[WhiteElo "1910"]
[BlackElo "1763"]
[PlyCount "43"]
[EventDate "2024.10.13"]
[EventType "swiss"]
[EventRounds "7"]
[EventCountry "GCI"]
[SourceTitle "BritBase"]
[Source "John Saunders"]
[SourceDate "2024.12.27"]
[SourceVersion "1"]
[SourceVersionDate "2024.12.27"]
[SourceQuality "1"]

1. d4 d5 2. e3 e6 3. Bd3 Nf6 4. f4 Nbd7 5. Nf3 b6 6. O-O Bb7 7. Ne5 c5 8. c3 Ne4 9. Bb5 Nef6 10. f5 exf5 11. Rxf5 Bc8 12. Qf3 Qe7 13. Bc6 Rb8 14. Bxd5 Nxe5 15. Rxe5 Be6 16. Bxe6 fxe6 17. c4 Qd6 18. Qf4 Nd7 19. Re4 Nf6 20. Rxe6+ Qxe6 21. Qxb8+ Kf7 22. d5 1-0

[Event "Guernsey Open 48th"]
[Site "Guernsey"]
[Date "2024.10.19"]
[Round "7"]
[White "Hoogakker, Peter"]
[Black "Morgan, Jamie"]
[Result "0-1"]
[WhiteElo "1907"]
[BlackElo "1807"]
[PlyCount "64"]
[EventDate "2024.10.13"]
[EventType "swiss"]
[EventRounds "7"]
[EventCountry "GCI"]
[SourceTitle "BritBase"]
[Source "John Saunders"]
[SourceDate "2024.12.27"]
[SourceVersion "1"]
[SourceVersionDate "2024.12.27"]
[SourceQuality "1"]

1. e4 c5 2. Nf3 g6 3. c3 d5 4. exd5 Qxd5 5. d4 Bg7 6. Be2 cxd4 7. cxd4 Nf6 8. Nc3 Qa5 9. O-O O-O 10. Bf4 Nc6 11. Qb3 Qb4 12. Qxb4 Nxb4 13. Bc4 Bf5 14. Rfd1 Rac8 15. Be2 Nfd5 16. Nxd5 Nxd5 17. Be5 Bh6 18. Bd3 Bxd3 19. Rxd3 Rc2 20. Rb3 Rfc8 21. g4 f6 22. Bg3 b6 23. Re1 Kf7 24. h4 Bc1 25. g5 Bxb2 26. Rd3 Bc3 27. Red1 Rxa2 28. Nd2 Nb4 29. Ne4 Nxd3 30. Rxd3 Bb4 31. gxf6 exf6 32. Bd6 Rc1+ 0-1

[Event "Guernsey Open 48th"]
[Site "Guernsey"]
[Date "2024.10.19"]
[Round "7"]
[White "Andrechak, Sean"]
[Black "Krueger, Malte"]
[Result "1/2-1/2"]
[WhiteElo "1982"]
[BlackElo "1821"]
[PlyCount "82"]
[EventDate "2024.10.13"]
[EventType "swiss"]
[EventRounds "7"]
[EventCountry "GCI"]
[SourceTitle "BritBase"]
[Source "John Saunders"]
[SourceDate "2024.12.27"]
[SourceVersion "1"]
[SourceVersionDate "2024.12.27"]
[SourceQuality "1"]

1. e4 c6 2. d4 d5 3. exd5 cxd5 4. Bd3 Nf6 5. c3 Nc6 6. Bf4 Bg4 7. Qb3 Qb6 8. Qxb6 axb6 9. Nd2 e6 10. Ne2 Be7 11. Ng3 O-O 12. h3 Bh5 13. Nxh5 Nxh5 14. Bh2 Rfc8 15. O-O Na5 16. Rfe1 Nf6 17. f4 Bd6 18. f5 Bxh2+ 19. Kxh2 Nc4 20. Bxc4 dxc4 21. fxe6 b5 22. a3 fxe6 23. Rxe6 b4 24. cxb4 c3 25. bxc3 Rxc3 26. Nf3 Nd5 27. a4 Nxb4 28. Rb6 Nc2 29. Rc1 Rxa4 30. Rxb7 Ra2 31. d5 Rxf3 32. gxf3 Nd4+ 33. Kg3 Ne2+ 34. Kg4 Nxc1 35. Kf5 Ra8 36. Ke6 Nd3 37. Ke7 Nf4 38. d6 Nd5+ 39. Ke6 Nf6 40. d7 Nxd7 41. Rxd7 Re8+ 1/2-1/2

[Event "Guernsey Open 48th"]
[Site "Guernsey"]
[Date "2024.10.19"]
[Round "7"]
[White "Downey, Keith"]
[Black "Warner, Nicholas"]
[Result "0-1"]
[WhiteElo "1829"]
[BlackElo "1796"]
[PlyCount "40"]
[EventDate "2024.10.13"]
[EventType "swiss"]
[EventRounds "7"]
[EventCountry "GCI"]
[SourceTitle "BritBase"]
[Source "John Saunders"]
[SourceDate "2024.12.27"]
[SourceVersion "1"]
[SourceVersionDate "2024.12.27"]
[SourceQuality "1"]

1. c4 e5 2. Nc3 Bb4 3. Nd5 Be7 4. g3 c6 5. Nxe7 Nxe7 6. Bg2 d5 7. cxd5 cxd5 8. d3 O-O 9. e3 Nbc6 10. Ne2 Be6 11. O-O Rc8 12. Bd2 Qb6 13. b3 Rfd8 14. Nc3 Qa6 15. Qe2 Nb4 16. d4 Qxe2 17. Nxe2 Nd3 18. Nc3 Bf5 19. dxe5 Nxe5 20. Nb5 Bd3 0-1

[Event "Guernsey Challengers 48th"]
[Site "Guernsey"]
[Date "2024.10.13"]
[Round "1"]
[White "Dennis, Nigel W"]
[Black "Poldermans, Daan"]
[Result "1/2-1/2"]
[WhiteElo "1868"]
[BlackElo "1761"]
[PlyCount "66"]
[EventDate "2024.10.13"]
[EventType "swiss"]
[EventRounds "7"]
[EventCountry "GCI"]
[SourceTitle "BritBase"]
[Source "John Saunders"]
[SourceDate "2024.12.27"]
[SourceVersion "1"]
[SourceVersionDate "2024.12.27"]
[SourceQuality "1"]

1. e4 e6 2. d4 d5 3. Nc3 Bb4 4. e5 c5 5. a3 Bxc3+ 6. bxc3 Qa5 7. Bd2 Qa4 8. Qg4 Ne7 9. Qxg7 Rg8 10. Qxh7 c4 11. f4 Nbc6 12. Nf3 Bd7 13. Ng5 Rf8 14. Be2 Ng6 15. Nxf7 Nce7 16. Nd6+ Kd8 17. Nxb7+ Kc7 18. Na5 Qxc2 19. Qh3 Nxf4 20. Bxf4 Rxf4 21. Qe3 Raf8 22. Rf1 Rxf1+ 23. Bxf1 Qb2 24. Rd1 Qc2 25. Be2 Qg6 26. Bf3 Nf5 27. Qf4 Rf7 28. Rb1 Bc8 29. Rb2 Ne7 30. Qg4 Qh6 31. Re2 Qc1+ 32. Kf2 Qxc3 33. a4 Nf5 1/2-1/2

[Event "Guernsey Challengers 48th"]
[Site "Guernsey"]
[Date "2024.10.13"]
[Round "1"]
[White "Nevska, Gerda"]
[Black "Christoffersen, Odd"]
[Result "1/2-1/2"]
[WhiteElo "1854"]
[BlackElo "1743"]
[PlyCount "68"]
[EventDate "2024.10.13"]
[EventType "swiss"]
[EventRounds "7"]
[EventCountry "GCI"]
[SourceTitle "BritBase"]
[Source "John Saunders"]
[SourceDate "2024.12.27"]
[SourceVersion "1"]
[SourceVersionDate "2024.12.27"]
[SourceQuality "1"]

1. d4 d5 2. Nf3 e6 3. e3 Nf6 4. Bd3 b6 5. b3 Bb7 6. Bb2 Nbd7 7. Nbd2 Ne4 8. O-O f5 9. Ne5 Nxe5 10. dxe5 Be7 11. Qe2 Nxd2 12. Qxd2 O-O 13. Rad1 Qe8 14. Qe2 Rd8 15. Kh1 Qg6 16. f3 Qh5 17. Bc3 g5 18. Be1 Rf7 19. Bg3 Qg6 20. c4 Bc5 21. Bf2 Rfd7 22. Qc2 h5 23. a3 a5 24. cxd5 Bxd5 25. e4 fxe4 26. fxe4 Bb7 27. Bxc5 bxc5 28. Rf6 Qg7 29. Qe2 Ba6 30. Rf3 Qxe5 31. h3 Bxd3 32. Rfxd3 Rxd3 33. Rxd3 Rxd3 34. Qxd3 Qf4 1/2-1/2

[Event "Guernsey Challengers 48th"]
[Site "Guernsey"]
[Date "2024.10.13"]
[Round "1"]
[White "Jacobs, Simon"]
[Black "Newell, David F"]
[Result "0-1"]
[WhiteElo "1737"]
[BlackElo "1842"]
[PlyCount "108"]
[EventDate "2024.10.13"]
[EventType "swiss"]
[EventRounds "7"]
[EventCountry "GCI"]
[SourceTitle "BritBase"]
[Source "John Saunders"]
[SourceDate "2024.12.27"]
[SourceVersion "1"]
[SourceVersionDate "2024.12.27"]
[SourceQuality "1"]

1. e4 c5 2. Be2 Nc6 3. d3 g6 4. f4 Bg7 5. Nf3 e6 6. O-O Nge7 7. c3 O-O 8. Be3 b6 9. d4 cxd4 10. cxd4 d5 11. e5 Bd7 12. Nc3 a6 13. Rc1 Qc7 14. Bf2 b5 15. a3 Bh6 16. g3 Qb6 17. Bd3 Na5 18. b3 Rfc8 19. Ng5 b4 20. Na4 Bxa4 21. bxa4 b3 22. Rb1 Rc3 23. Nf3 Rac8 24. Be1 R3c7 25. Bxa5 Qxa5 26. Rxb3 Qxa4 27. Rb4 Qxa3 28. Ra4 Qb2 29. Rxa6 Rc1 30. Qe2 Rxf1+ 31. Kxf1 Qb7 32. Ra1 Nc6 33. Ba6 Qa7 34. Bxc8 Qxa1+ 35. Kg2 Nxd4 36. Nxd4 Qxd4 37. Qc2 Bf8 38. Kh3 h5 39. Ba6 Qe3 40. Qe2 Qc3 41. Qd3 Qc7 42. Qe2 d4 43. Bd3 Bb4 44. Qc2 Bc3 45. Bxg6 fxg6 46. Qxg6+ Qg7 47. Qxe6+ Kh7 48. Qf5+ Qg6 49. Qd7+ Kh6 50. e6 Qg4+ 51. Kg2 Qe2+ 52. Kh3 d3 53. e7 Qf1+ 54. Kh4 Bf6# 0-1

[Event "Guernsey Challengers 48th"]
[Site "Guernsey"]
[Date "2024.10.13"]
[Round "1"]
[White "Evans, Barry M"]
[Black "Gunn, Michael J"]
[Result "1-0"]
[WhiteElo "1834"]
[BlackElo "1735"]
[PlyCount "47"]
[EventDate "2024.10.13"]
[EventType "swiss"]
[EventRounds "7"]
[EventCountry "GCI"]
[SourceTitle "BritBase"]
[Source "John Saunders"]
[SourceDate "2024.12.27"]
[SourceVersion "1"]
[SourceVersionDate "2024.12.27"]
[SourceQuality "1"]

1. e4 d5 2. exd5 Nf6 3. Bb5+ Bd7 4. Bc4 c6 5. Nc3 cxd5 6. Nxd5 e6 7. Nxf6+ Qxf6 8. Qf3 Qe5+ 9. Qe3 Qd6 10. Nf3 Nc6 11. d4 Qb4+ 12. Nd2 Na5 13. Be2 Rc8 14. c3 Qe7 15. O-O g6 16. b4 Nc6 17. Nc4 Bg7 18. b5 Nb8 19. Ba3 Qf6 20. Nd6+ Kd8 21. Nxc8 Bxc8 22. Bd6 Nd7 23. Rfe1 Nb6 24. Be5 1-0

[Event "Guernsey Challengers 48th"]
[Site "Guernsey"]
[Date "2024.10.13"]
[Round "1"]
[White "Harnden, Terry"]
[Black "Moyroud, Pierre"]
[Result "0-1"]
[WhiteElo "1724"]
[BlackElo "1831"]
[PlyCount "66"]
[EventDate "2024.10.13"]
[EventType "swiss"]
[EventRounds "7"]
[EventCountry "GCI"]
[SourceTitle "BritBase"]
[Source "John Saunders"]
[SourceDate "2024.12.27"]
[SourceVersion "1"]
[SourceVersionDate "2024.12.27"]
[SourceQuality "1"]

1. e4 c6 2. d4 d5 3. Nc3 dxe4 4. Nxe4 Nd7 5. Bc4 Ngf6 6. Nxf6+ Nxf6 7. Nf3 Bf5 8. O-O e6 9. Bg5 Be7 10. Re1 Bg4 11. c3 O-O 12. h3 Bxf3 13. Qxf3 Qa5 14. Re5 Qb6 15. Bb3 Rfe8 16. Rb1 Nd7 17. Bxe7 Nxe5 18. Qe4 Rxe7 19. Qxe5 Qc7 20. Qg5 Rd8 21. Re1 Red7 22. Bc2 h6 23. Qg4 c5 24. Qe4 g6 25. Bb3 Kg7 26. Ba4 Rd5 27. Bb3 Rf5 28. Qe3 cxd4 29. cxd4 Qf4 30. Qxf4 Rxf4 31. Rc1 Rfxd4 32. Rc7 R8d7 33. Rc2 Rd2 0-1

[Event "Guernsey Challengers 48th"]
[Site "Guernsey"]
[Date "2024.10.13"]
[Round "1"]
[White "Stanners, Michael J"]
[Black "Goman, Colin"]
[Result "1-0"]
[WhiteElo "1819"]
[BlackElo "1716"]
[PlyCount "84"]
[EventDate "2024.10.13"]
[EventType "swiss"]
[EventRounds "7"]
[EventCountry "GCI"]
[SourceTitle "BritBase"]
[Source "John Saunders"]
[SourceDate "2024.12.27"]
[SourceVersion "1"]
[SourceVersionDate "2024.12.27"]
[SourceQuality "1"]

1. d4 d6 2. Nc3 Nf6 3. Bf4 g6 4. e4 Bg7 5. Qd2 O-O 6. O-O-O b6 7. h4 Nbd7 8. h5 Nxh5 9. Rxh5 gxh5 10. Bh6 Bxh6 11. Qxh6 e5 12. Nf3 Qf6 13. Qxf6 Nxf6 14. dxe5 dxe5 15. Nxe5 Be6 16. f3 Rfd8 17. Bd3 Kg7 18. Nb5 c5 19. Nc7 Rac8 20. Nxe6+ fxe6 21. a4 Rd4 22. b3 Rdd8 23. Rh1 Nd7 24. Nc4 Nf6 25. Ne5 Rg8 26. Bc4 Rce8 27. Rd1 Kh6 28. Rd2 Kg5 29. Nd3 h4 30. Kd1 Nh5 31. Ke1 Rg6 32. Kf2 Ng3 33. Rd1 Rf8 34. Ke3 Kf6 35. Nf4 Rh6 36. Nxe6 Rg8 37. Nf4 Re8 38. Rd6+ Kg5 39. Nh3+ Kh5 40. Bf7+ Rg6 41. Bxe8 Nf1+ 42. Kd3 Ng3 1-0

[Event "Guernsey Challengers 48th"]
[Site "Guernsey"]
[Date "2024.10.13"]
[Round "1"]
[White "Collins, Alan"]
[Black "Stinson, William James"]
[Result "1/2-1/2"]
[WhiteElo "1696"]
[BlackElo "1816"]
[PlyCount "57"]
[EventDate "2024.10.13"]
[EventType "swiss"]
[EventRounds "7"]
[EventCountry "GCI"]
[SourceTitle "BritBase"]
[Source "John Saunders"]
[SourceDate "2024.12.27"]
[SourceVersion "1"]
[SourceVersionDate "2024.12.27"]
[SourceQuality "1"]

1. d4 Nf6 2. Nf3 d5 3. Bf4 e6 4. e3 Bd6 5. c3 Bxf4 6. exf4 O-O 7. Nbd2 Nbd7 8. Ne5 c5 9. Ndf3 Qc7 10. g3 c4 11. Bg2 b6 12. O-O Rb8 13. Qc2 h6 14. Nxd7 Bxd7 15. Ne5 b5 16. Nxd7 Qxd7 17. a3 a5 18. Qd2 b4 19. axb4 axb4 20. Ra5 bxc3 21. bxc3 Rb3 22. Rfa1 Rfb8 23. Ra8 Qb7 24. Rxb8+ Qxb8 25. Rc1 Rb2 26. Rc2 Rxc2 27. Qxc2 Qb3 28. Qc1 Nd7 29. Bf3 1/2-1/2

[Event "Guernsey Challengers 48th"]
[Site "Guernsey"]
[Date "2024.10.13"]
[Round "1"]
[White "Murray, J Stephen"]
[Black "Bakkes, Frits"]
[Result "1-0"]
[WhiteElo "1805"]
[BlackElo "1676"]
[PlyCount "45"]
[EventDate "2024.10.13"]
[EventType "swiss"]
[EventRounds "7"]
[EventCountry "GCI"]
[SourceTitle "BritBase"]
[Source "John Saunders"]
[SourceDate "2024.12.27"]
[SourceVersion "1"]
[SourceVersionDate "2024.12.27"]
[SourceQuality "1"]

1. e4 c5 2. Be2 d6 3. f4 Nf6 4. d3 Nc6 5. Nf3 Bg4 6. c3 g6 7. O-O Bg7 8. Be3 O-O 9. Nbd2 b5 10. h3 Bxf3 11. Nxf3 a5 12. Qe1 b4 13. Qh4 bxc3 14. bxc3 Nh5 15. Rac1 Rb8 16. Ng5 Bf6 17. Bxh5 Bxg5 18. Qxg5 f6 19. Qg3 Kh8 20. Bd1 e5 21. Bb3 Ne7 22. fxe5 fxe5 23. Bh6 1-0